00706nam a2200241 a 4500001001300000003000900013005001700022008004100039020001000080082001700090100002200107245002600129260004600155300000900201500003500210505002400245650002600269700002200295902000800317942000700325952011700332999001500449nice12345678IN_TiNIC20260116012148.0050524s1960 enga grp 000 0 eng  ac10000a230.016bMOR aMorris, Raymond P aTheological Book List aEnglandbTheological Education Fundc1960 a242p aincludes index and biblioraphy2 aBibliography, Index aTheology-Bibliography1 aMorris, Raymond P bSRS cBK 001040708StackRoom-aHMIbHMId2007-06-13g100.00l0o230.016 MORp05663r2007-06-13v100.00w2005-05-24yBK c5889d5889